[Event "Metz op 24th"]
[Site "Metz"]
[Date "2006.04.26"]
[Round "5"]
[White "Bruned, Boris"]
[Black "Pincon, Stephane"]
[Result "1-0"]
[WhiteElo "2226"]
[BlackElo "1946"]
[PlyCount "45"]
[EventDate "2006.04.22"]
[EventType "swiss"]
[EventRounds "9"]
[EventCountry "FRA"]
[SourceTitle "EXT 2007"]
[Source "ChessBase"]
[SourceDate "2006.11.23"]
[SourceVersion "1"]
[SourceVersionDate "2006.11.23"]
[SourceQuality "1"]

1. e4 c5 2. Nf3 d6 3. d4 cxd4 4. Nxd4 Nf6 5. Nc3 g6 6. Be3 Bg7 7. f3 0-0 8. Qd2 Nc6 9. Bc4 Nd7 10. h4 Nb6 11. Bb3 Na5 12. Qd3 Nxb3 13. axb3 a5 14. h5 Bd7 15. Ndb5 a4 16. bxa4 Nxa4 17. Nxa4 Qa5+ 18. Nbc3 b5 19. Bb6 Bxc3+ 20. Ke2 Qa6 21. Nc5 Qxa1 22. Rxa1 Rxa1 23. Nxd7 1-0

[Event "Metz op 24th"]
[Site "Metz"]
[Date "2006.04.23"]
[Round "2"]
[White "Pincon, Stephane"]
[Black "Blanchard, Alain"]
[Result "1/2-1/2"]
[WhiteElo "1946"]
[BlackElo "1650"]
[PlyCount "45"]
[EventDate "2006.04.22"]
[EventType "swiss"]
[EventRounds "9"]
[EventCountry "FRA"]
[SourceTitle "EXT 2007"]
[Source "ChessBase"]
[SourceDate "2006.11.23"]
[SourceVersion "1"]
[SourceVersionDate "2006.11.23"]
[SourceQuality "1"]

1. d4 Nf6 2. c4 e6 3. Nc3 Bb4 4. Qb3 c5 5. dxc5 Bxc5 6. Nf3 Nc6 7. e3 0-0 8. Be2 b6 9. 0-0 Bb7 10. Rd1 Qe7 11. a3 Rfd8 12. Qc2 a5 13. b3 d5 14. cxd5 exd5 15. Bb5 d4 16. Na4 dxe3 17. Nxc5 exf2+ 18. Kxf2 Rxd1 19. Nxb7 Ne4+ 20. Ke3 Nc3+ 21. Kf2 Ne4+ 22. Ke3 Nc3+ 23. Kf2 1/2-1/2

[Event "FRA-chT4 0506"]
[Site "France"]
[Date "2005.12.04"]
[Round "3"]
[White "Poisseroux, Benoit"]
[Black "Pincon, Stephane"]
[Result "1-0"]
[WhiteElo "1850"]
[BlackElo "1978"]
[PlyCount "49"]
[EventDate "2005.10.02"]
[EventType "team-tourn"]
[EventRounds "9"]
[EventCountry "FRA"]
[SourceTitle "EXT 2007"]
[Source "ChessBase"]
[SourceDate "2006.11.23"]
[SourceVersion "1"]
[SourceVersionDate "2006.11.23"]
[SourceQuality "1"]

1. d4 Nf6 2. Bg5 e6 3. Nd2 d5 4. e3 c5 5. c3 Be7 6. Bd3 Nbd7 7. f4 b6 8. h3 a5 9. Qe2 c4 10. Bc2 b5 11. a3 Bb7 12. Ngf3 Nb6 13. Bxf6 Bxf6 14. 0-0 Qc7 15. Ne5 Bxe5 16. fxe5 0-0 17. Qh5 f5 18. exf6 gxf6 19. Qg4+ Kh8 20. Qh5 Bc6 21. Rf4 Ra7 22. Raf1 Qe7 23. Nf3 b4 24. Ne5 Be8 25. Bg6 1-0

[Event "FRA-chT3 North 0304"]
[Site "France"]
[Date "2004.04.04"]
[Round "9.4"]
[White "De Bonnieres, Philippe"]
[Black "Pincon, Stephane"]
[Result "1/2-1/2"]
[WhiteElo "2122"]
[BlackElo "1980"]
[PlyCount "46"]
[EventDate "2003.11.??"]
[EventType "team-tourn"]
[EventRounds "9"]
[EventCountry "FRA"]
[SourceTitle "EXT 2006"]
[Source "ChessBase"]
[SourceDate "2005.11.24"]
[SourceVersion "1"]
[SourceVersionDate "2005.11.24"]
[SourceQuality "1"]
[WhiteTeam "Le Touquet"]
[BlackTeam "Charleville Mezieres"]
[WhiteTeamCountry "FRA"]
[BlackTeamCountry "FRA"]

1. e4 c5 2. c3 d6 3. d4 Nf6 4. dxc5 Nc6 5. Bd3 dxc5 6. Nf3 c4 7. Bxc4 Qxd1+ 8. Kxd1 Nxe4 9. Be3 Bg4 10. Nbd2 Nxd2 11. Kxd2 0-0-0+ 12. Ke2 e6 13. Rhd1 Be7 14. Bb3 Rxd1 15. Rxd1 Rd8 16. h3 Rxd1 17. Bxd1 Bh5 18. Bc2 Bg6 19. Bxg6 hxg6 20. Nd4 Nd8 21. Kd3 a6 22. Nf3 Kd7 23. Ne5+ Ke8 1/2-1/2